000 02285ngm a2200469 i 4500
001 991061312101906706
003 ES-BaIT
005 20260416152211.0
008 250408s2009 xxk||| |-|||||q|| vleng|c
024 4 _a044007433461
028 4 0 _a074 3346
_bDX2
080 _a793.4(086.8)
130 0 _aManon (Coreografia : MacMillan)
_9146287
245 0 0 _aManon /
_cThe Royal Ballet ; Tamara Rojo, Carlos Acosta ; music by Jules Massenet ; The Orchestra of the Royal Opera House conductor Martin Yates; orchestred and arranged by Leighton Lucas with the collaboration of Hilda Gaunt ; coreography Kenneth MacMillan : director for screen Ross MacGibbon
264 1 _aLondon :
_bDecca Music Group Limited,
_c2009
264 4 _c© 2008
300 _a2 videodiscs (117 min + 45 min bonus):
_bcolor, so ;
_c19 cm +
_e1 llibret (32 pàgines)
336 _aimatge en moviment bidimensional
_btdi
_2rdacontent
337 _avídeo
_bv
_2rdamedia
338 _avideodisc
_bvd
_2rdacarrier
344 _adigital
_bòptic
_gestèreo
_hDolby digital 5.1
_2rda
346 _bNTSC
347 _afitxer vídeo
_bDVD vídeo
_etotes les regions
_2rda
500 _aFormat de pantalla (16:9)
505 8 _aConté: DVD 1 Act 1 & Bonus Feature Dancing Manon : Interviews and rehearsal footage -- DVD 2 Acts 2 & 3
511 1 _aBallarins: Tamara Rojo (Manon), Carlos Acosta (Des Grieux), José Martín (Lescaut), Christopher Saunders Monsieur G.M), Laura Morera (Lescaut's Mistress)
518 _aEnregistrat a la Royal Opera House, Covent Garden, del 24 d'octubre al 1 de novembre de 2008
546 _aVersió original, versions doblades, subtítols
650 5 _aDansa clàssica
_xCoreografies
_956589
655 4 _aDansa filmada
_9168293
700 1 _aMassenet, Jules,
_d1842-1912
_ecompositor
_932583
700 1 _aRojo, Tamara,
_d1974-
_eballarí
_9127738
700 1 _aAcosta, Carlos,
_d1973-
_eballarí
_966649
700 1 _aMacGibbon, Ross
_edirector cinematogràfic
_930789
700 1 _aYates, Martin
_edirector d'orquestra
_966012
700 1 _aMacMillan, Kenneth
_ecoreògraf
_993117
710 2 _aRoyal Opera House (Londres, Anglaterra).‏
_bOrchestra
_eintèrpret
_9162479
710 2 _aRoyal Ballet
_980778
_eballarí
908 _aCDMAE
940 _aCDMAE
942 _2udc
_c5
999 _c137385
_d137385